San Antonio Spurs 2024-2025 Roster - Statistics

General Stats
  • This quiz has been taken 69 times
    33 since last reset
  • The average score is 12 of 18
Answer Stats
Jersey # Answer % Correct
0 Keldon Johnson
96%
1 Victor Wembanyama
96%
3 Chris Paul
93%
4 De'Aaron Fox
93%
24 Devin Vassell
93%
5 Stephon Castle
93%
40 Harrison Barnes
81%
10 Jeremy Sochan
78%
30 Julian Champagnie
70%
28 Charles Bassey
63%
54 Sandro Mamukelashvili
63%
14 Blake Wesley
59%
55 Harrison Ingram
56%
22 Malaki Branham
52%
11 Jordan McLaughlin
44%
27 Riley Minix
44%
7 David Duke Jr
33%
15 Bismack Biyombo
22%
No matching quizzes found
Score Distribution
Percent of People with Each Score
Percentile by Number Answered
Your Score History
You have not taken this quiz since the last reset